ইলেকট্রিক্যাল এবং ইলেকট্রনিক্স ইঞ্জিনিয়ারিং-এর মৌলিক বিষয় Fundamentals of Electricals & Electronics Engineering (Record no. 2661)
[ view plain ]
| 000 -LEADER | |
|---|---|
| Fixed length control field | 00776nam a2200217 4500 |
| 003 - CONTROL NUMBER IDENTIFIER | |
| Control field | SEACOMEC |
| 005 - DATE AND TIME OF LATEST TRANSACTION | |
| Control field | 20260414120055.0 |
| 008 - FIXED-LENGTH DATA ELEMENTS--GENERAL INFORMATION | |
| Fixed length control field | 260414b |||||||| |||| 00| 0 eng d |
| 020 ## - INTERNATIONAL STANDARD BOOK NUMBER / ISBN | |
| International Standard Book Number | 978-93-55381-45-3 |
| 040 ## - CATALOGING SOURCE | |
| Original cataloging agency | SEACOMEC |
| 041 ## - LANGUAGE CODE | |
| Language code | Ben |
| 082 ## - DEWEY DECIMAL CLASSIFICATION NUMBER | |
| Classification number | 621.3 |
| Book Number | M428 |
| 100 ## - MAIN ENTRY--PERSONAL NAME | |
| Personal name | Mathew, Sushan S |
| 245 ## - TITLE STATEMENT | |
| Title | ইলেকট্রিক্যাল এবং ইলেকট্রনিক্স ইঞ্জিনিয়ারিং-এর মৌলিক বিষয় Fundamentals of Electricals & Electronics Engineering |
| Statement of responsibility | Sushan S Mathew and Saji T. Chacko |
| 260 ## - IMPRINT | |
| Place of publication | New Delhi |
| Name of publisher | Khanna |
| Date of publication | 2025 |
| 300 ## - PHYSICAL DESCRIPTION | |
| Page / Vol. No | 187 |
| 650 ## - SUBJECT ADDED ENTRY--TOPICAL TERM | |
| Topical term | Electrical Engineering |
| 650 ## - SUBJECT ADDED ENTRY--TOPICAL TERM | |
| Topical term | Electrical and Electronics Engineering |
| 700 ## - ADDED ENTRY--PERSONAL NAME | |
| Personal name | Chacko, Saji T. |
| 942 ## - ADDED ENTRY ELEMENTS (KOHA) | |
| Koha item type | Gifted/Donated Books |
| Withdrawn status | Lost status | Source of classification | Damaged status | Not for loan | Home library | Current library | Date acquired | Total Checkouts | Call number | Accession number | Date last seen | Price effective from | Koha item type |
|---|---|---|---|---|---|---|---|---|---|---|---|---|---|
| Dewey Decimal Classification | SEACOM ENGINEERING COLLEGE | SEACOM ENGINEERING COLLEGE | 14/04/2026 | 621.3 M428 | G546 | 14/04/2026 | 14/04/2026 | Gifted/Donated Books | |||||
| Dewey Decimal Classification | SEACOM ENGINEERING COLLEGE | SEACOM ENGINEERING COLLEGE | 14/04/2026 | 621.3 M428 | G547 | 14/04/2026 | 14/04/2026 | Gifted/Donated Books | |||||
| Dewey Decimal Classification | SEACOM ENGINEERING COLLEGE | SEACOM ENGINEERING COLLEGE | 14/04/2026 | 621.3 M428 | G548 | 14/04/2026 | 14/04/2026 | Gifted/Donated Books |
